Drużynowe Mistrzostwa Polski na żużlu - Statystyki

Ogólne statystyki
  • Ten quiz został rozwiązany 39 razy
    7 od ostatniego zresetowania
  • Średni wynik to 76 z 78
Statystyki odpowiedzi
ROK ODPOWIEDŹ % Poprawnych
1986 Apator Toruń
100%
1990 Apator Toruń
100%
2001 Apator Toruń
100%
2008 Apator Toruń
100%
2025 Apator Toruń
100%
1981 Falubaz Zielona Góra
100%
1982 Falubaz Zielona Góra
100%
1985 Falubaz Zielona Góra
100%
1991 Falubaz Zielona Góra
100%
2009 Falubaz Zielona Góra
100%
2011 Falubaz Zielona Góra
100%
2013 Falubaz Zielona Góra
100%
2022 Motor Lublin
100%
2023 Motor Lublin
100%
2024 Motor Lublin
100%
1955 Polonia Bydgoszcz
100%
1971 Polonia Bydgoszcz
100%
1992 Polonia Bydgoszcz
100%
1997 Polonia Bydgoszcz
100%
1998 Polonia Bydgoszcz
100%
2000 Polonia Bydgoszcz
100%
2002 Polonia Bydgoszcz
100%
1956 ROW Rybnik
100%
1957 ROW Rybnik
100%
1958 ROW Rybnik
100%
1962 ROW Rybnik
100%
1963 ROW Rybnik
100%
1964 ROW Rybnik
100%
1965 ROW Rybnik
100%
1966 ROW Rybnik
100%
1967 ROW Rybnik
100%
1968 ROW Rybnik
100%
1970 ROW Rybnik
100%
1972 ROW Rybnik
100%
1993 Sparta Wrocław
100%
1994 Sparta Wrocław
100%
1995 Sparta Wrocław
100%
2006 Sparta Wrocław
100%
2021 Sparta Wrocław
100%
1969 Stal Gorzów
100%
1973 Stal Gorzów
100%
1975 Stal Gorzów
100%
1976 Stal Gorzów
100%
1977 Stal Gorzów
100%
1978 Stal Gorzów
100%
1983 Stal Gorzów
100%
2014 Stal Gorzów
100%
2016 Stal Gorzów
100%
1949 Unia Leszno
100%
1950 Unia Leszno
100%
1951 Unia Leszno
100%
1952 Unia Leszno
100%
1953 Unia Leszno
100%
1954 Unia Leszno
100%
1979 Unia Leszno
100%
1980 Unia Leszno
100%
1984 Unia Leszno
100%
1987 Unia Leszno
100%
1988 Unia Leszno
100%
1989 Unia Leszno
100%
2007 Unia Leszno
100%
2010 Unia Leszno
100%
2015 Unia Leszno
100%
2017 Unia Leszno
100%
2018 Unia Leszno
100%
2019 Unia Leszno
100%
2020 Unia Leszno
100%
1999 Polonia Piła
86%
1960 Stal Rzeszów
86%
1961 Stal Rzeszów
86%
2004 Unia Tarnów
86%
2005 Unia Tarnów
86%
2012 Unia Tarnów
86%
1959 Włókniarz Częstochowa
86%
1974 Włókniarz Częstochowa
86%
1996 Włókniarz Częstochowa
86%
2003 Włókniarz Częstochowa
86%
1948 WTS Warszawa
0%
Nie znaleziono quizów pasujących do podanych kryteriów
Rozkład punktacji
Procent ludzi z każdym wynikiem
Percentyl według liczby udzielonych odpowiedzi
Twoja historia wyników
Nie rozwiązałeś tego quizu od ostatniego zresetowania